| 000 | 01741nam a2200277Ia 4500 | ||
|---|---|---|---|
| 005 | 20220317001839.0 | ||
| 008 | 170410s2014 c g 000 0 s | ||
| 041 | _aspa | ||
| 082 | 0 | 4 |
_a523.112 _bD37c |
| 110 | 2 |
_aDiscovery Communications _977877 |
|
| 245 | 1 | 0 |
_aColisiones cósmicas _bgalaxias = Cosmic collisions _bgalaxies _cDiscovery Communications _hvideodisco digital |
| 250 | _a1a. edición | ||
| 300 |
_a1 DVD (45 minutos) _bsonido, color, digital _c12 cm |
||
| 490 | _aDiscovery en la escuela | ||
| 520 | _aLa gravedad es la fuerza que lo mueve todo y nuestro universo permanece en constante movimiento gracias a ella, generando que las colisiones cósmicas sean una realidad que no podemos desconocer... las galaxias chocan entre sí, las estrellas chocan con la violencia de varias bombas nucleares dando lugar a la creación de nuevos planetas, asteroides y hoyos negros, pero estas explosiones pueden ser mortales y el riesgo es latente para el mundo como lo conocemos, incluso nuestra propia galaxia marcha hacia un enfrentamiento con su vecino galáctico más cercano: Andrómeda. Galaxias colisiones cósmicas es un viaje a través del espacio reconociendo que las batallas cósmicas entre los cuerpos celestes pueden llevarnos a un cataclismo de proporciones hasta ahora desconocidas por el ser humano | ||
| 534 | _tCosmic collisions: galaxies | ||
| 650 | 1 | 4 |
_2LEMB _aGalaxias _vVideodiscos |
| 650 | 1 | 4 |
_2LEMB _aVía láctea _vVideodiscos |
| 650 | 1 | 4 |
_2LEMB _aColisiones espaciales _vVideodiscos |
| 942 |
_2ddc _cDVD |
||
| 264 |
_aBogotá _bMS Tv & Videos _c2014 |
||
| 336 |
_atexto _btxt _2rdacontent |
||
| 337 |
_asin mediación _bn _2rdamedia |
||
| 338 |
_avolumen _bnc _2rdacarrier |
||
| 040 |
_aCO-BoRNBP _bspa _erda _cCO-BoRNBP |
||
| 999 |
_c8294 _d8294 |
||